Minimálna daň pre právnické osoby v roku 2025

Každoročne dochádza k úpravám daňových zákonov, no rok 2025 je v tom to ohľade výnimočný. Legislatívne zmeny reagujú hlavne na fiškálnu konsolidáciu. Keďže sa Slovenská republika nachádza pod tlakom, aby stabilizovala svoje verejné financie, došlo v dôsledku rozhodnutia vládnucej koalície k zvýšeniu...

ver descrição completa

Na minha lista:
Detalhes bibliográficos
Autor principal: Želonka, Michal
Formato: Capítulo de Livro
Idioma:eslovaco
Assuntos:
Tags: Adicionar Tag
Sem tags, seja o primeiro a adicionar uma tag!

MARC

LEADER 00000naa a2200000 4500
001 0308122
005 20250411132030.6
041 0 |a slo 
044 |a SK 
245 1 0 |a Minimálna daň pre právnické osoby v roku 2025  |c Michal Želonka 
520 |a Každoročne dochádza k úpravám daňových zákonov, no rok 2025 je v tom to ohľade výnimočný. Legislatívne zmeny reagujú hlavne na fiškálnu konsolidáciu. Keďže sa Slovenská republika nachádza pod tlakom, aby stabilizovala svoje verejné financie, došlo v dôsledku rozhodnutia vládnucej koalície k zvýšeniu niektorých sadzieb a sprísneniu pravidiel daňových odpočtov. 
610 2 0 |a dane z príjmov 
610 2 0 |a dane minimálne 
610 2 0 |a osoby právnické 
610 2 0 |a odpočet dane 
610 2 0 |a sadzby daňové 
610 2 0 |a konsolidácia 
610 2 0 |a financie verejné 
610 2 0 |a legislatíva 
610 2 0 |a zákony 
100 1 |a Želonka, Michal